Independencia de los bancos centrales latinoamericanos /

Con base en la metodología desarrollada por A. Cukierman, en este artículo se examina la condición de estas instituciones en siete países latinoamericanos seleccionados para determinar el grado de independencia de aquellas con los respectivos gobiernos federales. En sus conclusiones, el autor sostie...

Fuld beskrivelse

Guardado en:
Bibliografiske detaljer
Hovedforfatter: Alcántara, Carlos
Format: Texto
Fag:
Tags: Tilføj Tag
Ingen Tags, Vær først til at tagge denne postø!

MARC

LEADER 00000 a a2200000 04500
001 3480
003
040
100 |a Alcántara, Carlos  
245 |a Independencia de los bancos centrales latinoamericanos /  |c Carlos Alcántara 
520 |a Con base en la metodología desarrollada por A. Cukierman, en este artículo se examina la condición de estas instituciones en siete países latinoamericanos seleccionados para determinar el grado de independencia de aquellas con los respectivos gobiernos federales. En sus conclusiones, el autor sostiene que si bien la mayoría de éstos ha otorgado cierta autonomía a sus bancos centrales, no siempre se han logrado los objetivos deseados, al no existir un auténtico respeto al consejo del banco y a sus políticas. REV//jmml  
650 |a ECONOMIA  
650 |a GOBIERNO  
650 |a BANCOS CENTRALES  
650 |a POLITICA  
650 |a TAUTODETERMINACION  
650 |a INVESTIGACION  
773 |g volumen 50, número 1; páginas 24-29  
999 |c 25197  |d 25197